00548nam a2200169Ia 450000500170000000800410001702000150005808200130007310000130008624500860009926000510018530000110023665000150024794200060026295200950026899900150036320240610024813.0240331s9999 xx 000 0 und d a9555920125 bDEVa351 aSLFI. ed 0aDevolution Proposals :baway forward- a summary of the proceedings of the seminar aColombo bSri Lanka Foundation Institutec1995 a49 p., aDevolution cL 001040708LaWERCLbWERCLcSSCd2024-03-31l0o 351 DEVp5673r2024-03-31w2024-03-31yL c5561d5561